| 000 | 00525nam a22001457a 4500 | ||
|---|---|---|---|
| 008 | 131015t mx||||| |||| 00| 0 spa d | ||
| 020 | _a9688566403 | ||
| 050 | 0 | 4 |
_aLB1707 _bB43 2005 |
| 100 | 2 | _aBecerril Calderón, Sergio René. | |
| 245 | 1 | 0 |
_aComprender la práctica docente : _bCategorias para una interpretación cientifica _cSergio René Becerril Calderón |
| 260 |
_aMéxico : _bInstituto Tecnologico de Queretaro _c2005 |
||
| 300 |
_a142 p. _c21 cm. |
||
| 650 | 4 |
_aMaestros _xCapacitacion de curriculum |
|
| 942 |
_2ddc _cLIB |
||
| 999 |
_c43219 _d43219 |
||